000 00651nas a2200241 4500
001 BR8707454
003 BR-BrBNA
005 20231205090931.0
007 ta
008 230509b bl.|||p| |||| 00| 00por d
040 _aBR-BrBNA
_bpor
_cBiblioteca Nacional de Agricultura
041 _a(Pt)
072 _aL01
100 1 _aBurnier, J.R.
100 1 _aSantos, J. dos
245 1 _aUniao faz a forca das ras de Goias
650 _aRA
650 _aCRIACAO
650 _aRANARIO
773 0 _tGlobo Rural (Brazil)
_xISSN 0102-6178
_g(Aug 1987), v. 2(23) p. 78-84
_wBR8707454
909 _a202311
_bLúcia
_c55
_dLúcia Elande
942 _2AGRIS
_n0
_cANA
999 _c121719
_d121719